000
00280nam a2200109Ia 4500
008
230907s9999||||xx |||||||||||||| ||und||
082
_a
621
_b
INT
245
0
_a
Introduction to professional engineering /
260
_a
Thomson,
_b
Australia :
_c
2007
300
_a
373 p.
942
_c
BK
999
_c
600821
_d
600821